| 000 | 00458nam a2200181Ia 4500 | ||
|---|---|---|---|
| 008 | 230125s9999 xx 000 0 und d | ||
| 041 | _aeng | ||
| 082 |
_a352.002 _bKHU |
||
| 100 | _aKhutwad M | ||
| 245 | _aKendra sarkarchya yojana | ||
| 260 |
_c1997 _bIndian Institute of Education |
||
| 300 | _a24p | ||
| 500 | _aPanchyati raj,Marathi book | ||
| 500 | _aEducation;Grampanchayat | ||
| 650 | _aEducation | ||
| 700 | _aKhutwad M | ||
| 999 |
_c87625 _d87625 |
||